[Event "17. Open de Sants Hostafrancs 2015"]
[Site "Barcelona ESP"]
[Date "2015.08.23"]
[Round "3.62"]
[White "Aabling-Thomsen, Jakob"]
[Black "Gurrutxaga Telleria, Jose Luis"]
[Result "1-0"]
[WhiteElo "2333"]
[BlackElo "2102"]
[PlyCount "73"]
[EventDate "2015.08.21"]
[EventType "swiss"]
[EventRounds "10"]
[EventCountry "ESP"]
[SourceTitle "Ajedrez en Madrid"]
[Source "lmi"]
[SourceDate "2015.08.21"]

1. d4 Nf6 2. Nc3 d5 3. Bg5 c5 4. Bxf6 exf6 5. e3 Nc6 6. dxc5 Be6 7. Bd3 Bxc5 8.
Qh5 g6 9. Qh6 d4 10. Qg7 Rf8 11. exd4 Qxd4 12. O-O-O O-O-O 13. Nge2 Qxf2 14.
Be4 Nd4 15. Nxd4 Bxd4 16. Kb1 f5 17. Rxd4 Qxd4 18. Qxd4 Rxd4 19. Bf3 a6 20. b3
Bd7 21. Nd5 Be6 22. c4 b5 23. Rc1 bxc4 24. bxc4 Kd7 25. Kb2 Rd2+ 26. Kc3 Rxa2
27. Nb4 Ra5 28. Kd4 Rd8 29. Nc6 Ra2 30. Nxd8 Kxd8 31. c5 Ra4+ 32. Ke5 Ke7 33.
Rb1 a5 34. Rb7+ Ke8 35. Ra7 Ra1 36. Kd6 Rd1+ 37. Bxd1 1-0

[Event "17. Open de Sants Hostafrancs 2015"]
[Site "Barcelona ESP"]
[Date "2015.08.23"]
[Round "3.63"]
[White "Iglesias, Joachim"]
[Black "Porta Tovar, Guillem"]
[Result "0-1"]
[WhiteElo "2319"]
[BlackElo "2095"]
[PlyCount "52"]
[EventDate "2015.08.21"]
[EventType "swiss"]
[EventRounds "10"]
[EventCountry "ESP"]
[SourceTitle "Ajedrez en Madrid"]
[Source "lmi"]
[SourceDate "2015.08.21"]

1. d4 Nf6 2. Nf3 g6 3. Nbd2 Bg7 4. e4 d6 5. Bd3 O-O 6. O-O Nbd7 7. c3 c5 8. d5
a6 9. a4 b6 10. Qe2 Ne8 11. Nc4 Nc7 12. Na3 Nf6 13. Rb1 Bd7 14. b3 b5 15. axb5
axb5 16. b4 c4 17. Bc2 Nfxd5 18. exd5 Nxd5 19. Bb2 Nxc3 20. Qe3 Nxb1 21. Bxg7
Nxa3 22. Qh6 f6 23. Ng5 fxg5 24. Bxg6 hxg6 25. Bc3 Kf7 26. Qg7+ Ke6 0-1

[Event "17. Open de Sants Hostafrancs 2015"]
[Site "Barcelona ESP"]
[Date "2015.08.23"]
[Round "3.64"]
[White "Olivares Canelles, Francisco"]
[Black "Blasco Coll, Andreu"]
[Result "1-0"]
[WhiteElo "2305"]
[BlackElo "2088"]
[PlyCount "64"]
[EventDate "2015.08.21"]
[EventType "swiss"]
[EventRounds "10"]
[EventCountry "ESP"]
[SourceTitle "Ajedrez en Madrid"]
[Source "lmi"]
[SourceDate "2015.08.21"]

1. d4 d5 2. c4 c6 3. Nf3 Nf6 4. Nc3 e6 5. e3 Nbd7 6. Qc2 Bd6 7. Be2 dxc4 8.
Bxc4 O-O 9. O-O b5 10. Bd3 Bb7 11. Bd2 Rc8 12. a3 c5 13. Nxb5 cxd4 14. Qb1 Bb8
15. Bb4 Bxf3 16. gxf3 Nd5 17. Bxh7+ Kh8 18. Bxf8 Qg5+ 19. Kh1 Nxf8 20. Rg1 Qh5
21. Rg2 Nxh7 22. Nxd4 Be5 23. Qd3 Nhf6 24. f4 Bxf4 25. exf4 Nxf4 26. Qf3 Qe5
27. Nc6 Qxb2 28. Rgg1 N6d5 29. Rab1 Qc2 30. Qg4 g6 31. Nb4 Qxf2 32. Nxd5 Rc2
1-0

[Event "17. Open de Sants Hostafrancs 2015"]
[Site "Barcelona ESP"]
[Date "2015.08.23"]
[Round "3.65"]
[White "Aranaz Murillo, Amalia"]
[Black "Valencia Jimenez, Jose"]
[Result "0-1"]
[WhiteElo "2287"]
[BlackElo "2068"]
[PlyCount "72"]
[EventDate "2015.08.21"]
[EventType "swiss"]
[EventRounds "10"]
[EventCountry "ESP"]
[SourceTitle "Ajedrez en Madrid"]
[Source "lmi"]
[SourceDate "2015.08.21"]

1. Nf3 Nf6 2. c4 e6 3. g3 c5 4. Bg2 Be7 5. O-O O-O 6. Nc3 d5 7. cxd5 exd5 8. d4
c4 9. b3 cxb3 10. Qxb3 Nc6 11. Bg5 Na5 12. Qb1 g6 13. Ne5 Bf5 14. Qb2 Be6 15.
Rfc1 Rc8 16. Na4 b6 17. Rxc8 Qxc8 18. Rc1 Nc4 19. Qb3 Kg7 20. e4 dxe4 21. Nxc4
Qa6 22. Nab2 b5 23. Bxe4 bxc4 24. Nxc4 Nxe4 25. Bxe7 Re8 26. Qd3 Bf5 27. Qa3
Qb7 28. Bd6 Ng5 29. Be5+ Kg8 30. Nd6 Nf3+ 31. Kf1 Bh3+ 32. Ke2 Nxd4+ 33. Kd2
Nf3+ 34. Kc3 Qc6+ 35. Kb2 Qb6+ 36. Ka1 Rxe5 0-1

[Event "17. Open de Sants Hostafrancs 2015"]
[Site "Barcelona ESP"]
[Date "2015.08.23"]
[Round "3.66"]
[White "Le Montagner, Yoann"]
[Black "Garcia Trobat, Francisco"]
[Result "0-1"]
[WhiteElo "2094"]
[BlackElo "2273"]
[PlyCount "88"]
[EventDate "2015.08.21"]
[EventType "swiss"]
[EventRounds "10"]
[EventCountry "ESP"]
[SourceTitle "Ajedrez en Madrid"]
[Source "lmi"]
[SourceDate "2015.08.21"]

1. e4 c5 2. Nf3 d6 3. d4 cxd4 4. Nxd4 Nf6 5. Nc3 Nc6 6. Bg5 e6 7. Qd2 Be7 8.
O-O-O O-O 9. f4 Nxd4 10. Qxd4 Qa5 11. Be2 h6 12. Bxf6 Bxf6 13. Qe3 b5 14. e5
dxe5 15. Ne4 Be7 16. fxe5 Qxa2 17. Bd3 Bb7 18. Nf6+ Kh8 19. c3 Rfd8 20. h4 Rxd3
21. Qxd3 gxf6 22. Qxb5 Be4 23. Kd2 a6 24. Qb6 Qd5+ 25. Kc1 Qxe5 26. Rhe1 Bc5
27. Qb3 Qf4+ 28. Rd2 Rd8 29. Rxe4 Qxd2+ 30. Kb1 Qd3+ 31. Qc2 Qf1+ 32. Ka2 Rd1
33. b4 Bf8 34. Re2 a5 35. bxa5 Ra1+ 36. Kb3 Rxa5 37. Qe4 Re5 38. Qa8 Qd1+ 39.
Rc2 Rb5+ 40. Kc4 Qf1+ 41. Kd4 Rd5+ 42. Ke4 Qd3+ 43. Kf4 Rf5+ 44. Kg4 h5# 0-1

[Event "17. Open de Sants Hostafrancs 2015"]
[Site "Barcelona ESP"]
[Date "2015.08.23"]
[Round "3.67"]
[White "Garofalo, Pietro"]
[Black "Minko, Vladimir"]
[Result "0-1"]
[WhiteElo "2079"]
[BlackElo "2268"]
[PlyCount "80"]
[EventDate "2015.08.21"]
[EventType "swiss"]
[EventRounds "10"]
[EventCountry "ESP"]
[SourceTitle "Ajedrez en Madrid"]
[Source "lmi"]
[SourceDate "2015.08.21"]

1. b3 d5 2. e3 e5 3. Bb2 Bd6 4. c4 Nf6 5. c5 Bxc5 6. Bxe5 Nc6 7. Bb5 Bd7 8.
Bxc6 Bxc6 9. Nf3 Bb5 10. Qc2 Bd6 11. Bb2 O-O 12. Ng5 Re8 13. Nc3 Bc6 14. Ne2
Ne4 15. Nf3 Bb5 16. a3 Qe7 17. Nc3 Nxc3 18. Qxc3 f6 19. d3 Bd7 20. b4 Kh8 21.
Qd4 a5 22. O-O Qf7 23. Qh4 Qg6 24. Rfd1 Bg4 25. Kh1 axb4 26. axb4 Bxb4 27. h3
Bxf3 28. gxf3 Bf8 29. Qd4 Qf5 30. Kg2 c5 31. Qh4 Rxa1 32. Bxa1 b5 33. e4 Qe6
34. Qh5 d4 35. f4 Ra8 36. Re1 Ra3 37. f5 Qe5 38. f4 Qxf4 39. Qf7 Qd2+ 40. Kf1
Qxd3+ 0-1

[Event "17. Open de Sants Hostafrancs 2015"]
[Site "Barcelona ESP"]
[Date "2015.08.23"]
[Round "3.68"]
[White "Gutierrez Clares, Joaquim"]
[Black "De Seroux, Camille"]
[Result "1-0"]
[WhiteElo "2268"]
[BlackElo "2063"]
[PlyCount "57"]
[EventDate "2015.08.21"]
[EventType "swiss"]
[EventRounds "10"]
[EventCountry "ESP"]
[SourceTitle "Ajedrez en Madrid"]
[Source "lmi"]
[SourceDate "2015.08.21"]

1. d4 Nf6 2. c4 g6 3. Nc3 Bg7 4. e4 d6 5. f4 O-O 6. Nf3 c5 7. dxc5 dxc5 8. Qxd8
Rxd8 9. e5 Ne8 10. Be3 b6 11. Be2 Nc6 12. O-O h6 13. Rad1 Bb7 14. Bd3 Nb4 15.
Bb1 Nc7 16. b3 Ne6 17. a3 Nc6 18. Nd5 Kf8 19. f5 gxf5 20. Bxf5 Ned4 21. Bxd4
Nxd4 22. Nxd4 cxd4 23. Be6 Bxd5 24. Rxf7+ Kg8 25. cxd5 Kh8 26. Rxd4 Bxe5 27.
Rh4 Bg7 28. Rg4 Bf8 29. Bf5 1-0

[Event "17. Open de Sants Hostafrancs 2015"]
[Site "Barcelona ESP"]
[Date "2015.08.23"]
[Round "3.111"]
[White "Lewis, John"]
[Black "Mateus, Alejandro"]
[Result "0-1"]
[WhiteElo "2103"]
[BlackElo "2283"]
[PlyCount "32"]
[EventDate "2015.08.21"]
[EventType "swiss"]
[EventRounds "10"]
[EventCountry "ESP"]
[SourceTitle "Ajedrez en Madrid"]
[Source "lmi"]
[SourceDate "2015.08.21"]

1. d4 d5 2. c4 c6 3. Nf3 Nf6 4. e3 e6 5. Bd3 dxc4 6. Bxc4 Nbd7 7. O-O b5 8. Bd3
Bb7 9. a4 b4 10. Nbd2 c5 11. Qe2 Be7 12. e4 cxd4 13. Nxd4 Ne5 14. Bb5+ Kf8 15.
N4f3 a6 16. Nxe5 axb5 0-1

[Event "17. Open de Sants Hostafrancs 2015"]
[Site "Barcelona ESP"]
[Date "2015.08.24"]
[Round "4.1"]
[White "Dourerassou, Jonathan"]
[Black "Bachmann, Axel"]
[Result "1-0"]
[WhiteElo "2436"]
[BlackElo "2623"]
[PlyCount "45"]
[EventDate "2015.08.21"]
[EventType "swiss"]
[EventRounds "10"]
[EventCountry "ESP"]
[SourceTitle "Ajedrez en Madrid"]
[Source "lmi"]
[SourceDate "2015.08.21"]
[WhiteClock "0:40:52"]
[BlackClock "0:40:27"]

1. e4 e5 2. Nf3 Nc6 3. Bc4 Bc5 4. c3 Nf6 5. d3 a6 6. Bb3 Ba7 7. h3 d6 8. Nbd2
h6 9. Nf1 Ne7 10. Ng3 Ng6 11. O-O O-O 12. Re1 Re8 13. d4 b5 14. a4 Bb7 15. axb5
axb5 16. Qd3 Qd7 17. Be3 exd4 18. Rxa7 Rxa7 19. Bxd4 Ra6 20. Bxf6 gxf6 21. Qd2
Bxe4 22. Nxe4 Kg7 23. Nc5 1-0

[Event "17. Open de Sants Hostafrancs 2015"]
[Site "Barcelona ESP"]
[Date "2015.08.24"]
[Round "4.2"]
[White "Potkin, Vladimir"]
[Black "Vassallo Barroche, Mauricio"]
[Result "1/2-1/2"]
[WhiteElo "2599"]
[BlackElo "2430"]
[PlyCount "40"]
[EventDate "2015.08.21"]
[EventType "swiss"]
[EventRounds "10"]
[EventCountry "ESP"]
[SourceTitle "Ajedrez en Madrid"]
[Source "lmi"]
[SourceDate "2015.08.21"]
[WhiteClock "0:20:39"]
[BlackClock "0:20:03"]

1. d4 Nf6 2. c4 g6 3. Nc3 Bg7 4. e4 d6 5. Nf3 O-O 6. Be2 e5 7. O-O Nbd7 8. Qc2
c6 9. Rd1 Qe7 10. Rb1 exd4 11. Nxd4 Re8 12. f3 Nh5 13. Be3 f5 14. Bf2 Nc5 15.
b4 Ne6 16. Bf1 Be5 17. Qd2 Bf4 18. Qc2 Be5 19. Qd2 Bf4 20. Qc2 Be5 1/2-1/2

[Event "17. Open de Sants Hostafrancs 2015"]
[Site "Barcelona ESP"]
[Date "2015.08.24"]
[Round "4.4"]
[White "Cori T., Deysi"]
[Black "Dvirnyy, Danyyil"]
[Result "0-1"]
[WhiteElo "2426"]
[BlackElo "2545"]
[PlyCount "74"]
[EventDate "2015.08.21"]
[EventType "swiss"]
[EventRounds "10"]
[EventCountry "ESP"]
[SourceTitle "Ajedrez en Madrid"]
[Source "lmi"]
[SourceDate "2015.08.21"]
[WhiteClock "0:05:49"]
[BlackClock "0:00:38"]

1. d4 d5 2. c4 c6 3. Nc3 Nf6 4. e3 Bf5 5. cxd5 cxd5 6. Qb3 Nc6 7. Nf3 Bc8 8.
Ne5 e6 9. Bb5 Bd7 10. O-O Be7 11. f4 O-O 12. Bd2 Rc8 13. Rac1 g6 14. Qd1 Nxe5
15. fxe5 Ne4 16. Bd3 Nxd2 17. Qxd2 f6 18. exf6 Rxf6 19. e4 Qb6 20. Bb1 Rc4 21.
Ne2 Bb5 22. e5 Rxf1+ 23. Rxf1 Rc8 24. Rd1 Bxe2 25. Qxe2 Rc4 26. Kh1 Rxd4 27.
Rf1 Bc5 28. Qf3 Qc7 29. Bxg6 hxg6 30. Qf6 Kh7 31. h3 Qd7 32. Qg5 Qe8 33. Rc1
Rc4 34. Rf1 Be7 35. Qe3 b6 36. b3 Rc7 37. Qg3 Bd8 0-1

[Event "17. Open de Sants Hostafrancs 2015"]
[Site "Barcelona ESP"]
[Date "2015.08.24"]
[Round "4.5"]
[White "Stella, Andrea"]
[Black "Aroshidze, Levan"]
[Result "1-0"]
[WhiteElo "2423"]
[BlackElo "2535"]
[PlyCount "55"]
[EventDate "2015.08.21"]
[EventType "swiss"]
[EventRounds "10"]
[EventCountry "ESP"]
[SourceTitle "Ajedrez en Madrid"]
[Source "lmi"]
[SourceDate "2015.08.21"]
[WhiteClock "0:13:35"]
[BlackClock "0:33:18"]

1. Nf3 c5 2. c4 Nf6 3. Nc3 b6 4. g3 Bb7 5. Bg2 e6 6. O-O a6 7. Re1 d6 8. e4 Be7
9. d4 cxd4 10. Nxd4 Qc7 11. Be3 O-O 12. Rc1 Nbd7 13. f4 Rac8 14. g4 Nc5 15. Bf2
g6 16. f5 gxf5 17. Nd5 exd5 18. exd5 Rfe8 19. Nxf5 Bf8 20. Bd4 Nfd7 21. Rxe8
Rxe8 22. b4 Ne4 23. Qe1 Nef6 24. Qh4 Re5 25. Bxe5 dxe5 26. g5 Nxd5 27. Be4 Bxb4
28. Qh6 1-0

[Event "17. Open de Sants Hostafrancs 2015"]
[Site "Barcelona ESP"]
[Date "2015.08.24"]
[Round "4.6"]
[White "Akesson, Ralf"]
[Black "Kanarek, Marcel"]
[Result "1-0"]
[WhiteElo "2418"]
[BlackElo "2528"]
[PlyCount "79"]
[EventDate "2015.08.21"]
[EventType "swiss"]
[EventRounds "10"]
[EventCountry "ESP"]
[SourceTitle "Ajedrez en Madrid"]
[Source "lmi"]
[SourceDate "2015.08.21"]
[WhiteClock "0:00:34"]
[BlackClock "0:30:58"]

1. d4 Nf6 2. c4 g6 3. Nc3 Bg7 4. e4 d6 5. Be2 O-O 6. Nf3 e5 7. Be3 exd4 8. Nxd4
Re8 9. f3 c6 10. Bf2 d5 11. exd5 cxd5 12. O-O Nc6 13. c5 Bf8 14. Kh1 Nh5 15.
Qd2 Nxd4 16. Bxd4 Qh4 17. Bf2 Bh6 18. Qxd5 Qb4 19. Qb3 Qxb3 20. axb3 Nf4 21.
Bb5 Rd8 22. Be3 Kg7 23. Bc4 Be6 24. Bxf4 Bxf4 25. Bxe6 fxe6 26. Rfe1 Kf7 27.
Re4 Bc7 28. Rae1 Re8 29. Nb5 Re7 30. g3 Bb8 31. Kg2 a6 32. Nd4 Rd7 33. Nxe6 Ba7
34. b4 Rd2+ 35. Kh3 Rxb2 36. Ng5+ Kf8 37. Re7 Rxb4 38. Rxh7 Kg8 39. Ree7 Bxc5
40. Reg7+ 1-0

[Event "17. Open de Sants Hostafrancs 2015"]
[Site "Barcelona ESP"]
[Date "2015.08.24"]
[Round "4.7"]
[White "Admiraal, Miguoel"]
[Black "Blomqvist, Erik"]
[Result "1/2-1/2"]
[WhiteElo "2414"]
[BlackElo "2508"]
[PlyCount "85"]
[EventDate "2015.08.21"]
[EventType "swiss"]
[EventRounds "10"]
[EventCountry "ESP"]
[SourceTitle "Ajedrez en Madrid"]
[Source "lmi"]
[SourceDate "2015.08.21"]
[WhiteClock "0:33:03"]
[BlackClock "0:21:17"]

1. e4 c5 2. Nf3 d6 3. Bb5+ Bd7 4. Bxd7+ Nxd7 5. O-O Ngf6 6. Qe2 e6 7. b3 g6 8.
Bb2 Bg7 9. c4 O-O 10. d4 cxd4 11. Bxd4 Qa5 12. Rd1 Rfd8 13. Bb2 Rac8 14. Nc3
Nc5 15. h3 a6 16. e5 Ne8 17. Ne4 Nxe4 18. Qxe4 Rd7 19. Qe2 Rcd8 20. exd6 Bxb2
21. Qxb2 Nxd6 22. Qe2 Nf5 23. Rxd7 Rxd7 24. Rd1 Rxd1+ 25. Qxd1 Qc3 26. Qd8+ Kg7
27. Qc7 Qb4 28. Qe5+ Kg8 29. Qb8+ Kg7 30. Qe5+ Kg8 31. g4 Ne7 32. Qb8+ Kg7 33.
Qe5+ Kg8 34. Qb8+ Kg7 35. Qe5+ Kg8 36. Ng5 h6 37. Qb8+ Kg7 38. Qe5+ Kg8 39. Ne4
Nc6 40. Nf6+ Kf8 41. Qe3 Kg7 42. Ne8+ Kf8 43. Nf6 1/2-1/2

[Event "17. Open de Sants Hostafrancs 2015"]
[Site "Barcelona ESP"]
[Date "2015.08.24"]
[Round "4.8"]
[White "Kobo, Ori"]
[Black "Bailet, Pierre"]
[Result "0-1"]
[WhiteElo "2412"]
[BlackElo "2502"]
[PlyCount "68"]
[EventDate "2015.08.21"]
[EventType "swiss"]
[EventRounds "10"]
[EventCountry "ESP"]
[SourceTitle "Ajedrez en Madrid"]
[Source "lmi"]
[SourceDate "2015.08.21"]
[WhiteClock "0:18:08"]
[BlackClock "0:00:35"]

1. d4 Nf6 2. c4 g6 3. Nc3 Bg7 4. e4 d6 5. Nf3 O-O 6. h3 Na6 7. Be3 e5 8. d5 Nh5
9. a3 f5 10. b4 c5 11. dxc6 bxc6 12. Qa4 fxe4 13. Qxc6 exf3 14. Qxa8 Nc7 15.
Qc6 Ne6 16. Ne4 fxg2 17. Bxg2 Nhf4 18. Bxf4 Nxf4 19. Bf1 Bf5 20. O-O-O d5 21.
Ng3 Qg5 22. Nxf5 Qxf5 23. Rxd5 Qe4 24. Rd6 Qe1+ 25. Kc2 e4 26. Kb3 a5 27. c5
Qc3+ 28. Ka4 axb4 29. Qxe4 Qxa3+ 30. Kb5 Kh8 31. Bc4 b3 32. Ra6 Rb8+ 33. Rb6
Ra8 34. Qxf4 Qa4# 0-1

[Event "17. Open de Sants Hostafrancs 2015"]
[Site "Barcelona ESP"]
[Date "2015.08.24"]
[Round "4.9"]
[White "Valsecchi, Alessio"]
[Black "Vehi Bach, Victor Manuel"]
[Result "1/2-1/2"]
[WhiteElo "2459"]
[BlackElo "2330"]
[PlyCount "29"]
[EventDate "2015.08.21"]
[EventType "swiss"]
[EventRounds "10"]
[EventCountry "ESP"]
[SourceTitle "Ajedrez en Madrid"]
[Source "lmi"]
[SourceDate "2015.08.21"]
[WhiteClock "1:29:19"]
[BlackClock "0:35:20"]

1. e4 c5 2. Nf3 e6 3. d4 cxd4 4. Nxd4 Nf6 5. Nc3 d6 6. Be3 Be7 7. Be2 O-O 8.
O-O Nc6 9. f4 e5 10. fxe5 dxe5 11. Nf5 Bxf5 12. Rxf5 Qxd1+ 13. Rxd1 g6 14. Rff1
Nd4 15. Bxd4 1/2-1/2

[Event "17. Open de Sants Hostafrancs 2015"]
[Site "Barcelona ESP"]
[Date "2015.08.24"]
[Round "4.10"]
[White "Aloma Vidal, Robert"]
[Black "Sturt, Raven M"]
[Result "0-1"]
[WhiteElo "2454"]
[BlackElo "2282"]
[PlyCount "64"]
[EventDate "2015.08.21"]
[EventType "swiss"]
[EventRounds "10"]
[EventCountry "ESP"]
[SourceTitle "Ajedrez en Madrid"]
[Source "lmi"]
[SourceDate "2015.08.21"]
[WhiteClock "0:13:11"]
[BlackClock "0:00:35"]

1. d4 d5 2. c4 c6 3. Nf3 Nf6 4. e3 Bf5 5. Nc3 e6 6. Nh4 Bg6 7. Nxg6 hxg6 8. Bd3
Bd6 9. h3 Bc7 10. O-O g5 11. cxd5 Qd6 12. f4 exd5 13. b4 a6 14. a4 Nbd7 15. Qf3
Nf8 16. Ba3 b5 17. Bb2 Ne6 18. axb5 gxf4 19. exf4 Nxf4 20. Rae1+ Ne6 21. bxc6
O-O-O 22. Bxa6+ Kb8 23. Nb5 Qh2+ 24. Kf2 Ng5 25. Rh1 Nfe4+ 26. Rxe4 Nxe4+ 27.
Ke2 Ng3+ 28. Kd3 Nxh1 29. Nxc7 Qxc7 30. b5 Rhe8 31. Bc1 Re4 32. Ba3 Rde8 0-1

[Event "17. Open de Sants Hostafrancs 2015"]
[Site "Barcelona ESP"]
[Date "2015.08.24"]
[Round "4.11"]
[White "Roser, Kevin"]
[Black "Gallego Alcaraz, Andres Felipe"]
[Result "1/2-1/2"]
[WhiteElo "2404"]
[BlackElo "2443"]
[PlyCount "58"]
[EventDate "2015.08.21"]
[EventType "swiss"]
[EventRounds "10"]
[EventCountry "ESP"]
[SourceTitle "Ajedrez en Madrid"]
[Source "lmi"]
[SourceDate "2015.08.21"]
[WhiteClock "0:22:02"]
[BlackClock "0:08:32"]

1. e4 c5 2. Nf3 Nc6 3. Nc3 e5 4. Bc4 Be7 5. d3 Nf6 6. Nd2 d6 7. Nf1 Bg4 8. f3
Be6 9. Ne3 O-O 10. O-O Nh5 11. g3 Bg5 12. Ncd5 Bxe3+ 13. Bxe3 Na5 14. Qd2 h6
15. a3 Nxc4 16. dxc4 Bxd5 17. Qxd5 Qc7 18. Rad1 Rfd8 19. Rd2 Nf6 20. Qd3 Qc6
21. b3 a6 22. a4 b6 23. g4 Ne8 24. h4 Rd7 25. Rg2 Re7 26. Kh2 Re6 27. Rfg1 Rb8
28. Qd2 Ra8 29. h5 Nf6 1/2-1/2

[Event "17. Open de Sants Hostafrancs 2015"]
[Site "Barcelona ESP"]
[Date "2015.08.24"]
[Round "4.12"]
[White "Vocaturo, Daniele"]
[Black "Guerrero Sierra, Juan Carlos"]
[Result "1-0"]
[WhiteElo "2578"]
[BlackElo "2275"]
[PlyCount "51"]
[EventDate "2015.08.21"]
[EventType "swiss"]
[EventRounds "10"]
[EventCountry "ESP"]
[SourceTitle "Ajedrez en Madrid"]
[Source "lmi"]
[SourceDate "2015.08.21"]
[WhiteClock "0:34:45"]
[BlackClock "0:23:02"]

1. d4 Nf6 2. c4 g6 3. g3 Bg7 4. Bg2 d5 5. cxd5 Nxd5 6. Nf3 Nb6 7. Nc3 Nc6 8. e3
O-O 9. O-O Re8 10. a3 e5 11. d5 Na5 12. Qc2 Bd7 13. Rd1 Qc8 14. e4 c6 15. dxc6
Bxc6 16. Rb1 Bd7 17. b3 Qc6 18. Bd2 Bg4 19. Qd3 Rad8 20. Nd5 Nxd5 21. Bxa5 Nf4
22. Qxd8 Nxg2 23. Qd3 f5 24. Nd2 Bxd1 25. Rxd1 b6 26. Bc3 1-0

[Event "17. Open de Sants Hostafrancs 2015"]
[Site "Barcelona ESP"]
[Date "2015.08.24"]
[Round "4.13"]
[White "Cori, Jorge"]
[Black "Perske, Thore"]
[Result "1-0"]
[WhiteElo "2635"]
[BlackElo "2408"]
[PlyCount "51"]
[EventDate "2015.08.21"]
[EventType "swiss"]
[EventRounds "10"]
[EventCountry "ESP"]
[SourceTitle "Ajedrez en Madrid"]
[Source "lmi"]
[SourceDate "2015.08.21"]

1. d4 Nf6 2. g3 g6 3. Bg2 Bg7 4. e4 d6 5. Nc3 O-O 6. Nge2 e5 7. O-O exd4 8.
Nxd4 Nc6 9. Nxc6 bxc6 10. e5 dxe5 11. Bxc6 Rb8 12. Be3 Qd6 13. Qxd6 cxd6 14.
Nb5 Be6 15. Bxa7 Rbc8 16. Bg2 Rxc2 17. Nxd6 Rxb2 18. a4 e4 19. a5 Rd8 20. Bc5
Nd7 21. Be3 f5 22. a6 Nb6 23. Rfd1 Nd5 24. a7 Ra8 25. Nxe4 Rb4 26. Rab1 1-0

[Event "17. Open de Sants Hostafrancs 2015"]
[Site "Barcelona ESP"]
[Date "2015.08.24"]
[Round "4.14"]
[White "Diaz Camallonga, Carles"]
[Black "Dragun, Kamil"]
[Result "0-1"]
[WhiteElo "2358"]
[BlackElo "2572"]
[PlyCount "92"]
[EventDate "2015.08.21"]
[EventType "swiss"]
[EventRounds "10"]
[EventCountry "ESP"]
[SourceTitle "Ajedrez en Madrid"]
[Source "lmi"]
[SourceDate "2015.08.21"]
[WhiteClock "0:31:11"]
[BlackClock "0:31:14"]

1. e4 c5 2. Nf3 d6 3. Bb5+ Nd7 4. O-O Ngf6 5. Re1 a6 6. Bf1 b6 7. d4 cxd4 8.
Nxd4 Bb7 9. c4 e6 10. Nc3 Be7 11. f3 O-O 12. Be3 Rc8 13. Rc1 Qc7 14. Kh1 Qb8
15. Bg1 Rfe8 16. Qd2 Bd8 17. b4 h5 18. Nb3 h4 19. c5 dxc5 20. bxc5 b5 21. Ne2
Be7 22. Qf4 Ne5 23. Ned4 Nfd7 24. Na5 Nxc5 25. Nxb7 Nxb7 26. Nb3 Nd7 27. Qd2
Ndc5 28. Nxc5 Nxc5 29. Qa5 Qb7 30. Bxc5 Bxc5 31. a4 Bb6 32. Qb4 bxa4 33. Rb1
Rb8 34. Qxa4 a5 35. Red1 Qc7 36. Bd3 Red8 37. Bc2 Rxd1+ 38. Rxd1 Qe5 39. Rb1 g6
40. Qb5 Qf4 41. Qf1 Rc8 42. Ba4 Bc7 43. Qg1 Be5 44. Rd1 Kg7 45. Bb5 Rb8 46. Rb1
a4 0-1

[Event "17. Open de Sants Hostafrancs 2015"]
[Site "Barcelona ESP"]
[Date "2015.08.24"]
[Round "4.15"]
[White "Nijboer, Friso"]
[Black "Cruz, Filemon"]
[Result "1-0"]
[WhiteElo "2566"]
[BlackElo "2395"]
[PlyCount "61"]
[EventDate "2015.08.21"]
[EventType "swiss"]
[EventRounds "10"]
[EventCountry "ESP"]
[SourceTitle "Ajedrez en Madrid"]
[Source "lmi"]
[SourceDate "2015.08.21"]

1. e4 e6 2. d4 d5 3. Nc3 Bb4 4. e5 c5 5. a3 Bxc3+ 6. bxc3 Ne7 7. a4 Qc7 8. Nf3
b6 9. Bb5+ Bd7 10. Bd3 Nbc6 11. O-O cxd4 12. cxd4 Nb4 13. Ba3 Nxd3 14. Qxd3 Rc8
15. Bxe7 Kxe7 16. Qa3+ Ke8 17. c4 dxc4 18. Nd2 Qc6 19. Rfe1 Qd5 20. Ne4 Bc6 21.
Nd6+ Kd7 22. Qg3 Rhg8 23. Nxf7 Kc7 24. Nd6 Kb8 25. Rec1 Bb7 26. a5 Rc7 27. axb6
axb6 28. Rab1 Qxd4 29. Nb5 Qc5 30. Nxc7 Kxc7 31. Qf4 1-0

[Event "17. Open de Sants Hostafrancs 2015"]
[Site "Barcelona ESP"]
[Date "2015.08.24"]
[Round "4.16"]
[White "Gonzalez Rodriguez, Jorge A"]
[Black "Peralta, Fernando"]
[Result "0-1"]
[WhiteElo "2369"]
[BlackElo "2564"]
[PlyCount "104"]
[EventDate "2015.08.21"]
[EventType "swiss"]
[EventRounds "10"]
[EventCountry "ESP"]
[SourceTitle "Ajedrez en Madrid"]
[Source "lmi"]
[SourceDate "2015.08.21"]
[WhiteClock "0:10:16"]
[BlackClock "0:27:03"]

1. b3 d5 2. e3 Bf5 3. Bb2 e6 4. Nf3 Nf6 5. d4 Bd6 6. Bd3 Ne4 7. a3 Qf6 8. Nbd2
Nd7 9. Qe2 O-O 10. h3 Rfe8 11. g4 Bg6 12. h4 Nxd2 13. Nxd2 e5 14. g5 Qe6 15.
Bxg6 fxg6 16. Nf3 e4 17. Nd2 Rf8 18. O-O-O Rf5 19. Rdf1 Raf8 20. Nb1 c6 21. Nc3
Qe7 22. a4 a6 23. Rh3 Rf3 24. Rxf3 Rxf3 25. Rh1 Qe6 26. Nd1 b5 27. axb5 axb5
28. Qf1 Nb6 29. Bc3 Nc8 30. Qe1 Qe7 31. Ba5 b4 32. c3 bxc3 33. Qxc3 Qb7 34. Kb2
Na7 35. Qd2 Qb5 36. b4 Rf8 37. Nc3 Qb7 38. Na2 Nb5 39. Nc3 Nxc3 40. Kxc3 Qb5
41. Rb1 Rf3 42. Kb3 Kf7 43. Qc2 Ke6 44. Rc1 Kd7 45. Rh1 Bg3 46. Qc5 Qxc5 47.
dxc5 Bxf2 48. h5 Bxe3 49. hxg6 Bxg5+ 50. Ka4 h6 51. Rb1 Be7 52. Bb6 e3 0-1

[Event "17. Open de Sants Hostafrancs 2015"]
[Site "Barcelona ESP"]
[Date "2015.08.24"]
[Round "4.17"]
[White "Burmakin, Vladimir"]
[Black "Lorenzo De La Riva, Lazaro"]
[Result "1/2-1/2"]
[WhiteElo "2558"]
[BlackElo "2372"]
[PlyCount "65"]
[EventDate "2015.08.21"]
[EventType "swiss"]
[EventRounds "10"]
[EventCountry "ESP"]
[SourceTitle "Ajedrez en Madrid"]
[Source "lmi"]
[SourceDate "2015.08.21"]
[WhiteClock "0:21:53"]
[BlackClock "0:07:10"]

1. d4 Nf6 2. Nf3 g6 3. Bf4 Bg7 4. e3 d6 5. Be2 O-O 6. O-O Nbd7 7. h3 b6 8. a4
c5 9. a5 Bb7 10. Na3 Rb8 11. a6 Bxf3 12. Bxf3 b5 13. Bb7 Qb6 14. c3 Ne8 15. Qf3
e5 16. dxe5 Nxe5 17. Bxe5 Bxe5 18. Qc6 Qxc6 19. Bxc6 Nc7 20. Bb7 d5 21. Nc2
Rfd8 22. Ra3 Kg7 23. Rd1 f5 24. b4 c4 25. g4 Kf7 26. Nd4 Bxd4 27. Rxd4 Rd6 28.
Ra1 Kf6 29. gxf5 gxf5 30. Kf1 Re8 31. Rh4 Kg7 32. Rf4 Kf6 33. Rh4 1/2-1/2